Statistiques concernant Harry Potter: le Sorcier et la Marmite Sauteuse

Cliquez ici pour prendre le quiz!

Statistiques générales

  • Ce quiz a été pris 10 fois
  • Le résultat moyen est 3 sur 5

Statistiques - réponses

InformationRéponses% Correct
AuteurBeedle le Barde
100%
Première apparitionLes Contes de Beedle le Barde
70%
Dernière apparitionLes Contes de Beedle le Barde
70%
Ouvrage dans lequel il apparaitLes Contes de Beedle le Barde
70%
Auteure de la repriseBeatrix Bloxam
30%

Distribution des résultats

Percentile par nombre de réponses

% des personnes avec chaque résultat

Votre développement - résultats

Vous n’avez pas pris ce quiz